2024 11/ Calendrier de Noël Chiffres et nombres - Statistiques

Statistiques générales
  • Ce quiz a été pris 25 fois
  • Le résultat moyen est 23 sur 24
Statistiques - réponses
Hint Réponse % Correct
Est son propre carré 1
100%
Nombre de soldats romains commandés par un décurion 10
100%
Syllabes d'un alexandrin 12
100%
Ennemi de James Bond dans Opération Tonnerre 2
100%
Plus petit nombre premier impair 3
100%
Véhicule tout terrain * x * 4
100%
Nombre de côtés du pentagone 5
100%
Points reçus pour un touchdown au football américain 6
100%
Les jours de la semaine sont 7
100%
Temps de gestation chez l'homme 9
100%
1er nombre uniforme 11
96%
Pour entendre les pinpons 18
96%
Département de la Creuse 23
96%
Nombre des colonies américaines d'origine 13
92%
Portait malheur dans la Rome antique 17
92%
Bar du club de golf 19
92%
Noces de porcelaine 20
92%
Nombre d'atouts au tarot 21
92%
Plus grand bateau d'aviron 8
92%
Ancien numéro du service du télégraphe 14
88%
Numéro du SAMU 15
88%
Nombre d'arrondissements de Marseille 16
88%
Nombre de lettres de l'alphabet hébreu 22
88%
Nombre d'albums de Tintin 24
88%
Aucun quiz correspondant
Distribution des résultats
% des personnes avec chaque résultat
Percentile par nombre de réponses
Votre historique - résultats
Vous n’avez pas pris ce quiz